000 00332nam a22001457a 4500
020 _a978-93-525-3014-4
041 _aENG
100 _aRAO .R
245 _aHigh School English Grammar & Composition
250 _aRegular
260 _anew Delhi
_bS. Chand
_c2015
300 _a754
650 _aUPSC
856 _uCompetitive Exam
999 _c218
_d218